Prachin Bharatar itihas (Minor 1)/ (Record no. 11616)

MARC details
000 -LEADER
fixed length control field 00644nam a22002177a 4500
005 - DATE AND TIME OF LATEST TRANSACTION
control field 20230830142215.0
008 - FIXED-LENGTH DATA ELEMENTS--GENERAL INFORMATION
fixed length control field 230830b ||||| |||| 00| 0 eng d
020 ## - INTERNATIONAL STANDARD BOOK NUMBER
International Standard Book Number 9789391527662
040 ## - CATALOGING SOURCE
Original cataloging agency IN-DiNC
Transcribing agency IN-DiNC
041 ## - LANGUAGE CODE
Language code of sung or spoken text Assamese
082 ## - DEWEY DECIMAL CLASSIFICATION NUMBER
Classification number 934
Item number GOS
100 ## - MAIN ENTRY--PERSONAL NAME
Personal name Goswami, Pankaj
Relator term Author
245 ## - TITLE STATEMENT
Title Prachin Bharatar itihas (Minor 1)/
Statement of responsibility, etc. by Pankaj Goswami, Geetarani Goswami and Raktimjyoti Hazarika
250 ## - EDITION STATEMENT
Edition statement 1st ed.
260 ## - PUBLICATION, DISTRIBUTION, ETC.
Place of publication, distribution, etc. Jorhat:
Name of publisher, distributor, etc. Bidya bhawan,
Date of publication, distribution, etc. 2023.
300 ## - PHYSICAL DESCRIPTION
Extent 317p.
650 ## - SUBJECT ADDED ENTRY--TOPICAL TERM
Topical term or geographic name entry element History of ancient India
700 ## - ADDED ENTRY--PERSONAL NAME
Personal name Goswami, Geetarni
Relator term Author
700 ## - ADDED ENTRY--PERSONAL NAME
Personal name Hazarika, Raktimjyoti
Relator term Author
942 ## - ADDED ENTRY ELEMENTS (KOHA)
Source of classification or shelving scheme Dewey Decimal Classification
Koha item type Books
Holdings
Withdrawn status Lost status Source of classification or shelving scheme Damaged status Not for loan Collection code Home library Current library Shelving location Date acquired Cost, normal purchase price Total Checkouts Full call number Barcode Date last seen Date last checked out Copy number Price effective from Koha item type
    Dewey Decimal Classification     History Naharkatiya College Library Naharkatiya College Library General Stacks 30/08/2023 300.00 11 934 GOS 29413 25/11/2025 10/11/2025 1 30/08/2023 Books
    Dewey Decimal Classification     History Naharkatiya College Library Naharkatiya College Library General Stacks 30/08/2023 300.00 11 934 GOS 29414 25/11/2025 07/11/2025 2 30/08/2023 Books
    Dewey Decimal Classification     History Naharkatiya College Library Naharkatiya College Library General Stacks 30/08/2023 300.00 10 934 GOS 29415 06/12/2025 10/11/2025 3 30/08/2023 Books

Naharkatiya College © 2020. All rights reserved.

Powered By